00794nac a22002171u 4500020001500000082001500015090001500030100003400045245010900079260004800188300003900236500003900275500002600314511002600340650002100366650003400387650002000421942001700441999001500458952010300473 a0716700417 a632.9bROB c9103d9103 aRoberts, Daniel Altman  aFundamentals of plant-pest control /c Daniel Altman Roberts, with chapters contributed by ... [others]. aSan Francisco :bW. H. Freeman, 1978.c1978 axiii,242p. :bill., maps ;c 25cm. aIncludes bibliographies and index. adistributer: Al-Ahram acatalogued by: wessam aPestsx Control. aAgricultural pestsx Control. aPlant diseases. cBBk632.9ROB c9103d9103 00104070aMAINbMAINc1STd2014-04-08ePurchasel0o632.9ROBp000011023r2025-07-15 00:00:00yBB